| 000 | 00577nam a22001577a 4500 | ||
|---|---|---|---|
| 003 | OSt | ||
| 005 | 20150930105931.0 | ||
| 008 | 150930b xxu||||| |||| 00| 0 eng d | ||
| 040 | _cRUA | ||
| 082 | _aAGR HON 2011 B047 Or.1 | ||
| 100 |
_91597 _aHONG, SOPHAK. |
||
| 245 | _aGrowth of cassava varietykm 94 on sandy soil (ការលូតលាស់នៃពូជដំឡូងមីខេអឺម៩៤ក្នុងលក្ខខណ្ឌដីល្បាយខ្សាច់) | ||
| 260 |
_aPhnom Penh _bRUA _c2011 |
||
| 300 |
_avii, 35p. _bill. _c29cm. |
||
| 942 |
_2ddc _cAGR |
||
| 999 |
_c1508 _d1508 |
||